000 00351nam a2200133Ia 4500
008 151001s9999||||xx |||||||||||||| ||und||
100 _aव बा बोधे
245 _aपारवा
250 _a1
260 _bगुलमोहर प्रकाशन सातारा
260 _c1987
300 _a51
365 _b18
999 _c966032
_d966029